000 00955nam a2200277 a 4500
001 64019
003 BD-RjUL
005 20211209081249.0
008 170208s1987 enkacf 000 0 eng d
020 _a0393024717 :
035 _a(BD-RjUL)64149
040 _aDLC
_cDLC
_dDLC
_beng
041 _aeng
082 0 0 _a916.762043
_bDES 1987
100 1 _aDe Watteville, Vivienne.
_9190148
245 1 0 _aSpeak to the earth :
_bwanderings and reflections among elephants and mountains /
_cby Vivienne de Watteville ; with an introduction by Alexander Maitland.
250 _a1st American ed.
260 _aLondon :
_bMethuen,
_c1987
300 _axxxviii, 329 p. :
_bill. ;
_c22 cm.
490 0 _aA Methuen paperback
600 1 0 _aDe Watteville, Vivienne
_xTravel
_zKenya.
_9190152
651 0 _aKenya
_xDescription and travel.
_9190150
651 0 _aKenya, Mount (Kenya)
_xDescription and travel.
_9190151
942 _2ddc
_cBK
999 _c64019
_d64019